Normal view
MARC view
- Hilborn, Robert C
Entry Personal Name
001 - CONTROL NUMBER
- control field: 75841
003 - CONTROL NUMBER IDENTIFIER
- control field: NUST
005 - DATE AND TIME OF LATEST TRANSACTION
- control field: 20210628205517.0
008 - FIXED-LENGTH DATA ELEMENTS
- fixed length control field: 210628|| aca||aabn | a|a d
040 ## - CATALOGING SOURCE
- Original cataloging agency: NUST
- Transcribing agency: NUST
100 ## - HEADING--PERSONAL NAME
- Personal name: Hilborn, Robert C
670 ## - SOURCE DATA FOUND
- Source citation: Work cat.: (NUST): Hilborn, Robert C, Chaos and nonlinear dynamics an introduction for scientists and engineers, 1994
